| 000 | 00809nam a2200253Ia 4500 | ||
|---|---|---|---|
| 003 | OSt | ||
| 005 | 20220923211942.0 | ||
| 006 | a|||||r|||| 00| 0 | ||
| 007 | ta | ||
| 008 | 220922b |||||||| |||| 00| 0 san d | ||
| 024 | _a74,961 | ||
| 037 | _cTextual | ||
| 040 |
_aARTS _cARTS _bsan |
||
| 041 |
_2san _asan |
||
| 082 | _aR65, 15M8 | ||
| 100 | _aनिराकारी, रामदासो | ||
| 245 | 0 | _aआत्मानुभूतिदर्शनम् | |
| 246 | _aĀtmānubhūtidarshanam | ||
| 260 |
_aपटियाला _b वेदान्त प्रकाशन _c1988 |
||
| 300 |
_a174पृ0 _ccm. |
||
| 650 | _aभारतीय दर्शन | ||
| 942 |
_hR65, 15M8 _cTEXL _2CC |
||
| 999 |
_c304854 _d304854 |
||